[Event "Hamilton Williams Memorial"]
[Site "Hamilton"]
[Date "2018.11.14"]
[Round "4"]
[White "Lill, Sami"]
[Black "Flanagan, Mark"]
[Result "1/2-1/2"]
[WhiteElo "1851"]
[BlackElo "1903"]
[PlyCount "41"]
[EventDate "2018.10.23"]
[EventType "swiss"]
[EventRounds "6"]
[EventCountry "BER"]
[SourceTitle "EXT 2024"]
[Source "ChessBase"]
[SourceDate "2023.10.10"]
[SourceVersion "1"]
[SourceVersionDate "2023.10.10"]
[SourceQuality "1"]

1. e4 g6 2. Nc3 Bg7 3. Bc4 c5 4. Nge2 Nc6 5. a3 d6 6. 0-0 Nf6 7. d3 0-0 8. Bd2 e6 9. Qc1 d5 10. Ba2 b6 11. Ng3 Bb7 12. Bg5 Ne7 13. Qf4 Ne8 14. exd5 f6 15. d6 Nd5 16. Nxd5 exd5 17. d7 Qxd7 18. Bh6 g5 19. Qf5 Qc6 20. Bxg7 Nxg7 21. Qf3 1/2-1/2

[Event "Hamilton Williams Memorial"]
[Site "Hamilton"]
[Date "2018.10.30"]
[Round "2.2"]
[White "Lill, Sami"]
[Black "Place, Wolde"]
[Result "1-0"]
[WhiteElo "1844"]
[BlackElo "1685"]
[PlyCount "69"]
[EventDate "2018.10.23"]
[EventType "swiss"]
[EventRounds "6"]
[EventCountry "BER"]
[SourceTitle "EXT 2024"]
[Source "ChessBase"]
[SourceDate "2023.10.10"]
[SourceVersion "1"]
[SourceVersionDate "2023.10.10"]
[SourceQuality "1"]

1. c4 d6 2. Nc3 e6 3. e4 g6 4. d3 Bg7 5. g3 b6 6. Bg2 Bb7 7. Nge2 Bxc3+ 8. Nxc3 Nd7 9. 0-0 a6 10. f4 f5 11. Be3 Nh6 12. h3 Rg8 13. Qb3 Nc5 14. Qc2 Qe7 15. d4 Nxe4 16. Nxe4 Bxe4 17. Bxe4 fxe4 18. Qxe4 Kd7 19. Bf2 Raf8 20. g4 g5 21. fxg5 Nf7 22. Bh4 Rg6 23. Rae1 Rfg8 24. Rf6 Nxg5 25. Bxg5 Rxg5 26. Rxe6 Qf8 27. Re7+ Qxe7 28. Qxe7+ Kc8 29. Qxh7 R8g7 30. Qh8+ Kb7 31. Re8 Kc6 32. b4 b5 33. d5+ Kd7 34. Rd8+ Ke7 35. Qf8# 1-0

[Event "Olympiad-43"]
[Site "Batumi"]
[Date "2018.10.03"]
[Round "9.2"]
[White "Lill, Sami"]
[Black "Maiga, Baba Moulaye Abdall"]
[Result "1/2-1/2"]
[WhiteElo "1844"]
[BlackElo "1978"]
[PlyCount "125"]
[EventDate "2018.09.24"]
[EventType "team-swiss"]
[EventRounds "11"]
[EventCountry "GEO"]
[SourceTitle "CBM 187"]
[Source "ChessBase"]
[SourceDate "2018.12.11"]
[SourceVersion "1"]
[SourceVersionDate "2018.12.11"]
[SourceQuality "1"]
[WhiteTeam "Bermuda"]
[BlackTeam "Mali"]
[WhiteTeamCountry "BER"]
[BlackTeamCountry "MLI"]

1. c4 e5 2. Nc3 Nc6 3. g3 a6 4. Bg2 Nf6 5. a3 Bc5 6. e3 0-0 7. b4 Be7 8. Nge2 d6 9. 0-0 Rb8 10. d4 exd4 11. exd4 Bg4 12. Be3 Bxe2 13. Qxe2 Qd7 14. Rab1 h6 15. h3 Nh7 16. Nd5 Rfe8 17. Nxe7+ Rxe7 18. Qd2 Rbe8 19. b5 Nd8 20. a4 axb5 21. axb5 b6 22. Rbe1 Qf5 23. Bf4 Rxe1 24. Rxe1 Rxe1+ 25. Qxe1 Qe6 26. Qc1 Nf6 27. Be3 Qf5 28. Qa3 Qc8 29. Qa6 Qd7 30. Kf1 Kh7 31. Qa8 Ne6 32. Ke2 Qe7 33. Kd3 g6 34. Qa2 Ng5 35. Bxg5 hxg5 36. Qd2 Ne8 37. Bc6 Ng7 38. Qe3 Qf6 39. Qf3 Nf5 40. Qe4 Ne7 41. Qf3 Qf5+ 42. Be4 Qxf3+ 43. Bxf3 f5 44. Kc3 Kg7 45. Kb4 Kf6 46. c5 Ke6 47. Kc4 dxc5 48. dxc5 Ke5 49. cxb6 cxb6 50. Bb7 Ng8 51. Bd5 Nf6 52. Bf7 Ne4 53. f4+ gxf4 54. gxf4+ Kf6 55. Bd5 Nd6+ 56. Kb4 g5 57. fxg5+ Kxg5 58. Kc3 Kh4 59. Kd4 Nxb5+ 60. Ke5 Nc7 61. Bc6 Kg5 62. h4+ Kxh4 63. Kxf5 1/2-1/2

[Event "Olympiad-43"]
[Site "Batumi"]
[Date "2018.10.01"]
[Round "7.68"]
[White "Izijk, Jimmy"]
[Black "Lill, Sami"]
[Result "1/2-1/2"]
[WhiteElo "1995"]
[BlackElo "1844"]
[PlyCount "112"]
[EventDate "2018.09.24"]
[EventType "team-swiss"]
[EventRounds "11"]
[EventCountry "GEO"]
[SourceTitle "CBM 187"]
[Source "ChessBase"]
[SourceDate "2018.12.11"]
[SourceVersion "1"]
[SourceVersionDate "2018.12.11"]
[SourceQuality "1"]
[WhiteTeam "Netherlands Antilles"]
[BlackTeam "Bermuda"]
[WhiteTeamCountry "AHO"]
[BlackTeamCountry "BER"]

1. d4 g6 2. c4 Bg7 3. Nc3 Nf6 4. e4 d6 5. f3 0-0 6. Be3 Nbd7 7. Qd2 e5 8. d5 a5 9. Nh3 Nc5 10. Nf2 a4 11. Be2 Nh5 12. Bh6 Qe7 13. g4 Bxh6 14. Qxh6 Nf4 15. h4 Ng2+ 16. Kd2 Qf6 17. h5 Qf4+ 18. Qxf4 Nxf4 19. hxg6 fxg6 20. Nh3 Kg7 21. Nxf4 Rxf4 22. Rh2 Bd7 23. Rah1 Rh8 24. Nd1 Rf7 25. Ke3 Na6 26. Nf2 Nb4 27. Kd2 b6 28. a3 Na6 29. Nd3 Kf6 30. Ke3 Kg5 31. Rh6 Kf6 32. Bd1 Kg7 33. g5 Rff8 34. Be2 Nc5 35. Nxc5 bxc5 36. Kd2 Rb8 37. Kc1 Bc8 38. Bd1 Ba6 39. Bxa4 Bxc4 40. Bd7 Bb3 41. R1h3 Bc4 42. R6h4 Ba6 43. Rh2 Rb3 44. f4 exf4 45. Rxf4 Rg3 46. Be6 Rf8 47. Rxf8 Kxf8 48. Rxh7 Rxg5 49. Rxc7 Rg1+ 50. Kc2 Rg2+ 51. Kc3 Rg3+ 52. Kd2 Rg2+ 53. Kc3 Rg3+ 54. Kc2 Rg2+ 55. Kc1 Rg1+ 56. Kd2 Rg2+ 1/2-1/2

[Event "BER-ch"]
[Site "Hamilton"]
[Date "2018.05.08"]
[Round "2"]
[White "Lill, Sami"]
[Black "Casanova, Rey"]
[Result "1-0"]
[WhiteElo "1843"]
[BlackElo "1676"]
[PlyCount "203"]
[EventDate "2018.05.01"]
[EventType "swiss"]
[EventRounds "7"]
[EventCountry "BER"]
[SourceTitle "EXT 2024"]
[Source "ChessBase"]
[SourceDate "2023.10.10"]
[SourceVersion "1"]
[SourceVersionDate "2023.10.10"]
[SourceQuality "1"]

1. Nf3 d5 2. g3 Nf6 3. Bg2 Nc6 4. d4 Bf5 5. 0-0 e6 6. Nc3 a6 7. Nh4 Bg6 8. Bg5 h6 9. Nxg6 fxg6 10. Bc1 Qd7 11. a3 g5 12. b4 Ne7 13. Re1 0-0-0 14. Qd3 Nf5 15. b5 a5 16. Na4 b6 17. c4 dxc4 18. Qxc4 Kb8 19. Bb2 Nd6 20. Qc6 Qxc6 21. Bxc6 Nf7 22. Rad1 h5 23. h3 Be7 24. e4 Nh6 25. Nc3 Nd7 26. Ne2 Nf7 27. f4 gxf4 28. Nxf4 Ng5 29. Kg2 Nf8 30. h4 Nf7 31. d5 e5 32. Nd3 Bf6 33. Rf1 Ng6 34. Rc1 Ne7 35. Rf2 Ng6 36. Ne1 Nd6 37. Kf3 Rhf8 38. Ke3 Be7 39. Rf3 Rxf3+ 40. Nxf3 Nf7 41. Rf1 Kc8 42. Kd3 Rf8 43. Bc1 Nd6 44. Nd2 Rxf1 45. Nxf1 Nh8 46. Ne3 g6 47. Nc4 Nhf7 48. a4 Kd8 49. Bd2 Nxc4 50. Kxc4 g5 51. hxg5 Bxg5 52. Be1 Nd6+ 53. Kd3 Ke7 54. Bc3 Bf6 55. Bd2 Nc8 56. Bh6 Na7 57. Bb7 Kf7 58. Kc4 Be7 59. Kd3 Kg6 60. Be3 Bd6 61. Ke2 Be7 62. Kf3 Bd6 63. Bf2 Kg5 64. Be3+ Kg6 65. Kg2 Be7 66. Kh3 Kf7 67. g4 hxg4+ 68. Kxg4 Kg6 69. Bd2 Bd6 70. Bg5 Bf8 71. Bd8 Bd6 72. Bg5 Bf8 73. Bh4 Bd6 74. Bd8 Kf7 75. Kf5 Ke8 76. Bf6 Kd7 77. Bg5 Ke8 78. Ke6 Kf8 79. Bf6 Nxb5 80. Bxe5 Bxe5 81. Kxe5 Nd6 82. Bc6 Ke7 83. Kd4 b5 84. e5 Nf5+ 85. Ke4 Ng3+ 86. Kf3 Nf5 87. Ke4 Ng3+ 88. Kd3 b4 89. Bb5 Nf5 90. Bc4 Ng3 91. Bb3 Nf5 92. Kc4 Nh6 93. Kb5 Nf7 94. e6 Nd6+ 95. Kxa5 Nc8 96. Kxb4 Kd6 97. a5 c6 98. dxc6 Kxc6 99. Ba4+ Kd6 100. Bd7 Na7 101. Kc4 Kc7 102. Kc5 1-0

[Event "Hamilton The Bermuda Longtail"]
[Site "Hamilton"]
[Date "2018.03.20"]
[Round "2"]
[White "Lill, Sami"]
[Black "Mufandaedza, Moses"]
[Result "0-1"]
[WhiteElo "1834"]
[BlackElo "1957"]
[PlyCount "100"]
[EventDate "2018.03.13"]
[EventType "swiss"]
[EventRounds "6"]
[EventCountry "BER"]
[SourceTitle "EXT 2024"]
[Source "ChessBase"]
[SourceDate "2023.10.10"]
[SourceVersion "1"]
[SourceVersionDate "2023.10.10"]
[SourceQuality "1"]

1. c4 g6 2. d4 Bg7 3. Nc3 d6 4. Nf3 Nf6 5. e4 0-0 6. Be2 Nbd7 7. Qc2 c5 8. 0-0 cxd4 9. Nxd4 a6 10. f4 e6 11. Be3 b6 12. Rad1 Qc7 13. h3 Bb7 14. b3 Rac8 15. f5 Rfe8 16. fxg6 hxg6 17. Bf3 b5 18. Ndxb5 axb5 19. Nxb5 Qc6 20. Nxd6 Ne5 21. Nxc8 Rxc8 22. Bd4 Qc7 23. Be3 Qc6 24. Bg5 Nxf3+ 25. gxf3 Qc5+ 26. Qf2 Qxg5+ 27. Qg2 Qf4 28. Qd2 Qh4 29. Qg2 Bh6 30. a4 Be3+ 31. Kh2 Qf4+ 32. Qg3 Qh6 33. f4 Bc5 34. Qg5 Qxg5 35. fxg5 Nxe4 36. Rd7 Bd6+ 37. Kg1 Bc5+ 38. Kh2 Nd6 39. Rd1 Rc6 40. Rd8+ Kg7 41. Rf1 e5 42. Rd7 Bc8 43. Rd8 Bb6 44. Rxc8 Rxc8 45. Rf6 Bc5 46. h4 Rb8 47. Rf3 e4 48. Rc3 e3 49. Kg2 e2 50. Rc1 Rxb3 0-1

[Event "Hamilton The President's Shield"]
[Site "Hamilton"]
[Date "2018.02.19"]
[Round "4"]
[White "Dacres, Don"]
[Black "Lill, Sami"]
[Result "0-1"]
[WhiteElo "1765"]
[BlackElo "1834"]
[PlyCount "138"]
[EventDate "2018.01.16"]
[EventType "swiss"]
[EventRounds "6"]
[EventCountry "BER"]
[SourceTitle "EXT 2024"]
[Source "ChessBase"]
[SourceDate "2023.10.10"]
[SourceVersion "1"]
[SourceVersionDate "2023.10.10"]
[SourceQuality "1"]

1. e4 Nc6 2. d4 e5 3. d5 Nce7 4. f4 Ng6 5. Qf3 exf4 6. Bxf4 Qf6 7. Bc1 Bc5 8. Qxf6 Nxf6 9. Bd3 Ne5 10. Nf3 Nxd3+ 11. cxd3 d6 12. Nc3 a6 13. h3 0-0 14. Bd2 Nh5 15. g4 Nf6 16. 0-0-0 b5 17. d4 Bb4 18. Bg5 Bxc3 19. Bxf6 Bxb2+ 20. Kxb2 gxf6 21. Rhf1 Re8 22. Rde1 Bd7 23. Nh4 Kg7 24. Nf5+ Kg6 25. h4 b4 26. Rg1 Bb5 27. g5 Bd3 28. h5+ Kxh5 29. Rh1+ Kg6 30. Rh6+ Kxg5 31. Rg1+ Kf4 32. Rh4+ Kf3 33. Rg3+ Ke2 34. Re3+ Kf2 35. Rxd3 Rg8 36. Rh2+ Kg1 37. Rc2 Rg2 38. Rxg2+ Kxg2 39. Rg3+ Kf2 40. Kb3 Re8 41. Re3 a5 42. Kc2 a4 43. Kd3 b3 44. axb3 a3 45. Re2+ Kf3 46. Nh4+ Kg4 47. Ng2 h5 48. Ne3+ Kf3 49. Nc4 h4 50. Nxa3 h3 51. Nc4 Rg8 52. Nd2+ Kg3 53. Nf1+ Kf3 54. Rh2 Rg1 55. Rxh3+ Kg4 56. Rg3+ Rxg3+ 57. Nxg3 Kxg3 58. e5 fxe5 59. dxe5 dxe5 60. Ke4 Kg4 61. b4 f5+ 62. Ke3 Kg3 63. b5 f4+ 64. Ke2 Kg2 65. b6 f3+ 66. Ke3 cxb6 67. d6 f2 68. d7 f1Q 69. d8Q Qe1+ 0-1

[Event "Hamilton Bermuda Cup"]
[Site "Hamilton"]
[Date "2017.12.19"]
[Round "4.3"]
[White "Mufandaedza, Moses"]
[Black "Lill, Sami"]
[Result "1-0"]
[WhiteElo "1924"]
[BlackElo "1850"]
[PlyCount "91"]
[EventDate "2017.10.10"]
[EventType "k.o."]
[EventRounds "4"]
[EventCountry "BER"]
[SourceTitle "EXT 2024"]
[Source "ChessBase"]
[SourceDate "2023.10.10"]
[SourceVersion "1"]
[SourceVersionDate "2023.10.10"]
[SourceQuality "1"]

1. d4 Nf6 2. c4 e6 3. Nf3 b6 4. g3 d5 5. Bg2 Bb7 6. 0-0 dxc4 7. Qa4+ Qd7 8. Qxc4 Bd5 9. Ne5 Qd6 10. Qa4+ c6 11. f3 b5 12. Qd1 c5 13. Bf4 Qb6 14. e4 Bb7 15. dxc5 Bxc5+ 16. Kh1 0-0 17. Nc3 Rd8 18. Qc2 Nh5 19. Bc1 Nc6 20. Nxc6 Bxc6 21. g4 Nf6 22. Bg5 h6 23. Bh4 Rd7 24. Rfd1 Rc8 25. Bxf6 gxf6 26. Rxd7 Bxd7 27. Qd2 b4 28. Nd1 Rd8 29. Qxh6 Ba4 30. b3 Bd4 31. Rc1 Bb5 32. h4 Qd6 33. f4 Be2 34. Rb1 Qc7 35. e5 Qc2 36. exf6 Bxf6 37. Qxf6 Rxd1+ 38. Rxd1 Qxd1+ 39. Kh2 Bxg4 40. Kg3 Bf5 41. Qg5+ Kf8 42. h5 Qd3+ 43. Kh2 a5 44. h6 Bg6 45. Qf6 Ke8 46. Bc6+ 1-0

[Event "Hamilton The Joe Lattyak"]
[Site "Hamilton"]
[Date "2017.09.12"]
[Round "2"]
[White "Gontcharov, Serguei"]
[Black "Lill, Sami"]
[Result "1-0"]
[WhiteElo "1872"]
[BlackElo "1850"]
[PlyCount "48"]
[EventDate "2017.09.05"]
[EventType "swiss"]
[EventRounds "5"]
[EventCountry "BER"]
[SourceTitle "EXT 2024"]
[Source "ChessBase"]
[SourceDate "2023.10.10"]
[SourceVersion "1"]
[SourceVersionDate "2023.10.10"]
[SourceQuality "1"]

1. e4 c5 2. c3 d6 3. d4 b6 4. dxc5 bxc5 5. Qd5 Qb6 6. Qxa8 e6 7. Na3 Ne7 8. Nc4 Qc7 9. Nxd6+ Qxd6 10. Qxa7 Bd7 11. Be3 Nec6 12. Qa4 Be7 13. Nf3 0-0 14. Bb5 f5 15. Rd1 Qc7 16. Rxd7 Nxd7 17. Bxc6 Nb6 18. Qb5 Rb8 19. exf5 Nd5 20. Qa4 Nb6 21. Qe4 exf5 22. Qe6+ Kh8 23. Ne5 g6 24. Bf4 Kg7 1-0

[Event "Hamilton The Collie Cup"]
[Site "Hamilton"]
[Date "2017.01.17"]
[Round "6"]
[White "Gontcharov, Serguei"]
[Black "Lill, Sami"]
[Result "1-0"]
[WhiteElo "1724"]
[BlackElo "1879"]
[PlyCount "119"]
[EventDate "2016.11.22"]
[EventType "swiss"]
[EventRounds "6"]
[EventCountry "BER"]
[SourceTitle "EXT 2024"]
[Source "ChessBase"]
[SourceDate "2023.10.10"]
[SourceVersion "1"]
[SourceVersionDate "2023.10.10"]
[SourceQuality "1"]

1. e4 c5 2. c3 Nc6 3. Nf3 g6 4. d4 cxd4 5. cxd4 Bg7 6. Nc3 Qb6 7. d5 Ne5 8. Be2 a6 9. 0-0 h5 10. Qc2 d6 11. Be3 Nxf3+ 12. Bxf3 Qd8 13. Na4 b5 14. Nb6 Rb8 15. Qc6+ Bd7 16. Nxd7 Qxd7 17. Qxa6 Bxb2 18. Rab1 Be5 19. Be2 b4 20. Rfc1 Nf6 21. f4 Bxf4 22. Bxf4 0-0 23. Qd3 Qa7+ 24. Be3 Qa5 25. Bd4 Nd7 26. Bxh5 Ne5 27. Bxe5 dxe5 28. Bf3 Qxa2 29. Ra1 Qb2 30. Rcb1 Qd4+ 31. Qxd4 exd4 32. Ra4 Rfc8 33. Raxb4 Rxb4 34. Rxb4 d3 35. Rd4 Rc3 36. Kf2 Kg7 37. Ke3 Kf6 38. Rxd3 Rc2 39. Kd4 g5 40. e5+ Kg6 41. Be4+ f5 42. exf6+ Kxf6 43. Rf3+ Kg7 44. Rf5 Rd2+ 45. Ke3 Rd1 46. Rxg5+ Kh6 47. Re5 Kg7 48. Rxe7+ Kf6 49. Re6+ Kg7 50. Kf4 Rf1+ 51. Ke5 Re1 52. Kd6 Kf8 53. Kd7 Kg7 54. d6 Kf8 55. Re8+ Kg7 56. Kd8 Kf6 57. d7 Kg7 58. Re7+ Kh6 59. Ke8 Kg5 60. d8Q 1-0

[Event "Hamilton The Joe Lattyak"]
[Site "Hamilton"]
[Date "2016.11.15"]
[Round "6"]
[White "Lill, Sami"]
[Black "Davis, Brian"]
[Result "1-0"]
[WhiteElo "1879"]
[BlackElo "1428"]
[PlyCount "47"]
[EventDate "2016.10.11"]
[EventType "swiss"]
[EventRounds "6"]
[EventCountry "BER"]
[SourceTitle "EXT 2024"]
[Source "ChessBase"]
[SourceDate "2023.10.10"]
[SourceVersion "1"]
[SourceVersionDate "2023.10.10"]
[SourceQuality "1"]

1. e4 e6 2. d4 d5 3. e5 c5 4. Nf3 cxd4 5. Nxd4 a6 6. Nc3 h6 7. Bd3 Bc5 8. Be3 Qb6 9. Rb1 Bxd4 10. Bxd4 Qb4 11. a3 Qa5 12. b4 Qc7 13. Qg4 g6 14. Ne2 Nc6 15. Bc5 Nxe5 16. Qd4 Nf6 17. 0-0 Nfg4 18. f4 Nf3+ 19. Rxf3 e5 20. fxe5 Nxe5 21. Re3 f6 22. Bxg6+ Kd8 23. Bb6 Nxg6 24. Qxf6+ 1-0

[Event "Olympiad-42"]
[Site "Baku"]
[Date "2016.09.11"]
[Round "9.2"]
[White "Molod, Jonathan"]
[Black "Lill, Sami"]
[Result "0-1"]
[WhiteElo "1943"]
[BlackElo "1870"]
[PlyCount "114"]
[EventDate "2016.09.02"]
[EventType "team-swiss"]
[EventRounds "11"]
[EventCountry "AZE"]
[SourceTitle "CBM 175"]
[Source "ChessBase"]
[SourceDate "2016.11.10"]
[SourceVersion "1"]
[SourceVersionDate "2016.11.10"]
[SourceQuality "1"]
[WhiteTeam "Guam"]
[BlackTeam "Bermuda"]
[WhiteTeamCountry "GMA"]
[BlackTeamCountry "BER"]

1. d4 c6 2. e4 d6 3. Nf3 Bg4 4. Nbd2 Qc7 5. Be2 Nd7 6. c4 e5 7. b3 Ngf6 8. Bb2 Be7 9. Rc1 0-0 10. 0-0 Rfd8 11. h3 Bh5 12. Qc2 a5 13. Rfe1 h6 14. Nf1 Bg6 15. Ng3 Bf8 16. Nh4 Bh7 17. Nhf5 g6 18. Ne3 h5 19. h4 Bh6 20. Ngf1 Nf8 21. d5 c5 22. a3 Ng4 23. Ra1 Qe7 24. g3 Nxe3 25. Nxe3 Nd7 26. Bc1 Bxe3 27. Bxe3 Rf8 28. Bh6 Rfe8 29. Bd3 f6 30. Bd2 g5 31. hxg5 fxg5 32. Qc1 g4 33. Bg5 Qf7 34. Bf1 Bg6 35. Bg2 Qh7 36. Qe3 Rf8 37. Rf1 Rf7 38. Bh6 Nf6 39. Rae1 Nxe4 40. Bxe4 Bxe4 41. Bg5 Bd3 42. Qd2 Bxf1 43. Rxf1 Rf3 44. b4 axb4 45. axb4 b6 46. Qb2 Qf5 47. Be7 Qd7 48. Bh4 Raa3 49. bxc5 bxc5 50. Qc2 Rfd3 51. Rb1 Qa7 52. Qc1 Qg7 53. Rb8+ Kh7 54. Qb1 Kg6 55. Qb6 Rd1+ 56. Kg2 Raa1 57. Qxd6+ Kh7 0-1

[Event "Olympiad-38"]
[Site "Dresden"]
[Date "2008.11.25"]
[Round "11"]
[White "Lill, Sami"]
[Black "Jose Queralto, Daniel"]
[Result "1-0"]
[WhiteElo "1885"]
[BlackElo "2125"]
[PlyCount "47"]
[EventDate "2008.11.13"]
[EventType "team-swiss"]
[EventRounds "11"]
[EventCountry "GER"]
[SourceTitle "CBM 128"]
[Source "ChessBase"]
[SourceDate "2009.01.28"]
[SourceVersion "1"]
[SourceVersionDate "2009.01.28"]
[SourceQuality "1"]
[WhiteTeam "Bermuda"]
[BlackTeam "Andorra"]
[WhiteTeamCountry "BER"]
[BlackTeamCountry "AND"]

1. d4 d5 2. c4 dxc4 3. e4 e5 4. Nf3 exd4 5. Bxc4 Bb4+ 6. Bd2 Bxd2+ 7. Nbxd2 Nc6 8. Qb3 Qf6 9. 0-0 Nge7 10. e5 Qf5 11. Bd3 Qd7 12. Rfe1 0-0 13. Ng5 Nd5 14. e6 fxe6 15. Bxh7+ Kh8 16. Qh3 Rf6 17. Bg6+ Kg8 18. Qh7+ Kf8 19. Qh8+ Ke7 20. Qxg7+ Kd8 21. Nxe6+ Qxe6 22. Rxe6 Rxe6 23. Qf8+ Kd7 24. Bf5 1-0